Państwa z najniższymi punktami na świecie - Statystyki

Ogólne statystyki
  • Ten quiz został rozwiązany 19 razy
  • Średni wynik to 6 z 11
Statystyki odpowiedzi
Wysokość Odpowiedź % Poprawnych
-86 mppm Stany Zjednoczone
89%
-154 mppm Chiny
83%
-430 mppm Izrael
78%
-430 mppm Jordania
78%
-133 mppm Egipt
44%
-105 mppm Argentyna
39%
-153 mppm Dżibuti
33%
-125 mppm Etiopia
33%
-132 mppm Kazachstan
33%
-75 mppm Erytrea
28%
-81 mppm Turkmenistan
28%
Nie znaleziono quizów pasujących do podanych kryteriów
Rozkład punktacji
Procent ludzi z każdym wynikiem
Percentyl według liczby udzielonych odpowiedzi
Twoja historia wyników
Nie rozwiązałeś tego quizu